Greek Mythology Punishment Match Quiz Stats

 Plays Quiz not verified by Sporcle

Challenge
Share
Tweet
Score 0/8 Timer 02:00
0 Plays Today
% Correct
Reincarnated as a spider
91.8%
Tied to a rock and had eagles eat this character's liver, which regenerated every night
89.4%
Forced to roll a boulder uphill, only to have it roll back to the bottom
87.3%
Imprisioned in King Minos' Labrynth
84.5%
Forced to stand in a pool of water, which receded when this character tried to drink. Fruit trees above were pulled just out of reach.
80.4%
Turned into a cow and bitten by gadflies
76.7%
Turned into a deer and eaten by dogs
70.6%
Fastened to a burning wheel
65.3%

You're not logged in!

Compare scores with friends on all Sporcle quizzes.
OR
Log In

You Might Also Like...

Show Comments

Extras

Top Quizzes Today


Score Distribution

Your Account Isn't Verified!

In order to create a playlist on Sporcle, you need to verify the email address you used during registration. Go to your Sporcle Settings to finish the process.

Report this User

Report this user for behavior that violates our Community Guidelines.

Details: